<?xml version="1.0" encoding="UTF-8"?>
<collection xmlns="http://www.loc.gov/MARC21/slim">
 <record>
  <leader>03735nam a2200481   4500</leader>
  <controlfield tag="001">DLU110126263</controlfield>
  <controlfield tag="005">##20111007</controlfield>
  <controlfield tag="008">##101022s2011    enka     b    001 0 eng  </controlfield>
  <datafield tag="010" ind1="#" ind2="#">
   <subfield code="a">  2010042192</subfield>
  </datafield>
  <datafield tag="015" ind1="#" ind2="#">
   <subfield code="a">GBB0B0410</subfield>
   <subfield code="2">bnb</subfield>
  </datafield>
  <datafield tag="016" ind1="#" ind2="#">
   <subfield code="a">015649162</subfield>
   <subfield code="2">Uk</subfield>
  </datafield>
  <datafield tag="020" ind1="#" ind2="#">
   <subfield code="a">0470997524 (hardback)</subfield>
  </datafield>
  <datafield tag="020" ind1="#" ind2="#">
   <subfield code="a">9780470997529 (hardback)</subfield>
  </datafield>
  <datafield tag="035" ind1="#" ind2="#">
   <subfield code="a">(OCoLC)ocn672278449</subfield>
  </datafield>
  <datafield tag="040" ind1="#" ind2="#">
   <subfield code="a">DLC</subfield>
   <subfield code="c">DLC</subfield>
   <subfield code="d">YDX</subfield>
   <subfield code="d">YDXCP</subfield>
   <subfield code="d">UKM</subfield>
   <subfield code="d">CDX</subfield>
   <subfield code="d">PUL</subfield>
   <subfield code="d">DLC</subfield>
  </datafield>
  <datafield tag="042" ind1="#" ind2="#">
   <subfield code="a">pcc</subfield>
  </datafield>
  <datafield tag="082" ind1="#" ind2="#">
   <subfield code="a">620.1</subfield>
   <subfield code="b">Ene</subfield>
  </datafield>
  <datafield tag="245" ind1="#" ind2="#">
   <subfield code="a">Energy materials /</subfield>
   <subfield code="c">edited by Duncan W. Bruce, Dermot O'Hare, Richard I. Walton.</subfield>
  </datafield>
  <datafield tag="260" ind1="#" ind2="#">
   <subfield code="a">Chichester, West Sussex, U.K. :</subfield>
   <subfield code="b">Wiley,</subfield>
   <subfield code="c">2011.</subfield>
  </datafield>
  <datafield tag="300" ind1="#" ind2="#">
   <subfield code="a">viii, 291 p. :</subfield>
   <subfield code="b">ill. ;</subfield>
   <subfield code="c">24 cm.</subfield>
  </datafield>
  <datafield tag="504" ind1="#" ind2="#">
   <subfield code="a">Includes bibliographical references and index.</subfield>
  </datafield>
  <datafield tag="505" ind1="#" ind2="#">
   <subfield code="a">Machine generated contents note: Inorganic Materials Series Preface -- Preface -- List of Contributors -- 1 Polymer Electrolytes -- Michel B. Armand, Peter G. Bruce, Maria Forsyth and Bruno Scrosati -- 1.1 Introduction -- 1.2 Nanocomposite Polymer Electrolytes -- 1.3 Ionic Liquid Based Polymer Electrolytes -- 1.4 Crystalline Polymer Electrolytes -- References -- 2 Advanced Inorganic Materials for Solid Oxide Fuel Cells -- Stephen J. Skinner and Miguel A. Laguna-Bercero -- 2.1 Introduction -- 2.2 Next Generation SOFC Materials -- 2.3 Materials Developments through Processing -- 2.4 Proton Conducting Ceramic Fuel Cells -- 2.5 Summary -- References -- 3 Solar Energy Materials -- Elizabeth A. Gibson and Anders Hagfeldt -- 3.1 Introduction -- 3.2 Development of PV Technology -- 3.3 Summary -- Acknowledgements -- References -- 4 Hydrogen Adsorption on Metal Organic Framework Materials for Storage Applications -- K. Mark Thomas and Wadysaw Wieczorek -- 4.1 Introduction -- 4.2 Hydrogen Adsorption Experimental Methods -- 4.3 Activation of MOFs -- 4.4 Hydrogen Adsorption on MOFs -- 4.5 Conclusions -- Acknowledgements -- References -- Index.</subfield>
  </datafield>
  <datafield tag="520" ind1="#" ind2="#">
   <subfield code="a">&quot;Following the success of Inorganic Materials, the concept of the original book will be updated and extended to reflect the recent expansion of research and applications in inorganic material chemistry, and its interfaces with physics, biology and materials science. Inorganic materials will be separated into five areas based on their physical properties: porous, functional oxides, molecular, low-dimensional and electronic materials. Each area will be presented in one volume and each chapter will cover recent research areas within the contributors' field of knowledge, providing a clear and useable introduction to that field. The chapters of the book will be self-contained and relate to a different area of the volume's general subject matter. This volume looks at inorganic materials with special electronic properties and is proposed as follows: polymer electrolytes, photonic crystals, low molar mass OLEDs, and polymer LEDs&quot;--</subfield>
   <subfield code="c">Provided by publisher.</subfield>
  </datafield>
  <datafield tag="520" ind1="#" ind2="#">
   <subfield code="a">&quot;This volume looks at inorganic materials with special electronic properties and is proposed as follows: polymer electrolytes, photonic crystals, low molar mass OLEDs, and polymer LEDs&quot;--</subfield>
   <subfield code="c">Provided by publisher.</subfield>
  </datafield>
  <datafield tag="650" ind1="#" ind2="#">
   <subfield code="a">Electric batteries</subfield>
   <subfield code="x">Materials.</subfield>
  </datafield>
  <datafield tag="650" ind1="#" ind2="#">
   <subfield code="a">Energy storage</subfield>
   <subfield code="x">Materials.</subfield>
  </datafield>
  <datafield tag="650" ind1="#" ind2="#">
   <subfield code="a">Power electronics</subfield>
   <subfield code="x">Materials.</subfield>
  </datafield>
  <datafield tag="700" ind1="#" ind2="#">
   <subfield code="a">Bruce, Duncan W.</subfield>
  </datafield>
  <datafield tag="700" ind1="#" ind2="#">
   <subfield code="a">O'Hare, Dermot.</subfield>
  </datafield>
  <datafield tag="700" ind1="#" ind2="#">
   <subfield code="a">Walton, Richard I.</subfield>
  </datafield>
  <datafield tag="830" ind1="#" ind2="#">
   <subfield code="a">Inorganic materials series.</subfield>
  </datafield>
  <datafield tag="856" ind1="#" ind2="#">
   <subfield code="3">Cover image</subfield>
   <subfield code="u">http://catalogimages.wiley.com/images/db/jimages/9780470997529.jpg</subfield>
  </datafield>
  <datafield tag="923" ind1="#" ind2="#">
   <subfield code="a">13/2011</subfield>
  </datafield>
  <datafield tag="991" ind1="#" ind2="#">
   <subfield code="a">GT</subfield>
  </datafield>
  <datafield tag="992" ind1="#" ind2="#">
   <subfield code="a">2404486</subfield>
  </datafield>
  <datafield tag="994" ind1="#" ind2="#">
   <subfield code="a">DLU</subfield>
  </datafield>
  <datafield tag="900" ind1="#" ind2="#">
   <subfield code="a">True</subfield>
  </datafield>
  <datafield tag="911" ind1="#" ind2="#">
   <subfield code="a">Đào Thị Thu Huyền</subfield>
  </datafield>
  <datafield tag="925" ind1="#" ind2="#">
   <subfield code="a">G</subfield>
  </datafield>
  <datafield tag="926" ind1="#" ind2="#">
   <subfield code="a">A</subfield>
  </datafield>
  <datafield tag="927" ind1="#" ind2="#">
   <subfield code="a">SH</subfield>
  </datafield>
  <datafield tag="980" ind1="#" ind2="#">
   <subfield code="a">Thư viện Trường Đại học Đà Lạt</subfield>
  </datafield>
 </record>
</collection>
